The Law of South Africa / (Record no. 1091)

MARC details
000 -LEADER
fixed length control field 00506nam a22001697a 4500
005 - DATE AND TIME OF INPUT
control field 20231201064617.0
008 - DATA ELEMENTS--GENERAL INFORMATION
fixed length control field 231201b |||||||| |||| 00| 0 eng d
020 ## - INTERNATIONAL STANDARD BOOK NUMBER
International Standard Book Number 0409004022
041 ## - LANGUAGE CODE
Language code of text English
082 ## - SHELF NUMBER
DDC number 349 JOU
100 ## - MAIN AUTHOR
Language of a work English
245 ## - TITLE STATEMENT
Title The Law of South Africa /
Statement of responsibility, etc. edited by A Van Blerk
260 ## - PUBLICATION, DISTRIBUTION, ETC.
Place of publication, distribution, etc. Durban :
Name of publisher, distributor, etc. Butterworth and Company (SA) (Pty) Ltd,
Date of publication, distribution, etc. 1979
300 ## - PHYSICAL DESCRIPTION
Other physical details 132 pages ;
Dimensions 26,5 cm.
650 ## - SUBJECT`
Broad subject Legal practice
Own subject terms Law
942 ## - ADDED ENTRY ELEMENTS (KOHA)
Item type Books
942 ## - ADDED ENTRY ELEMENTS (KOHA)
-- ALISON_BN_VRIES
Holdings
Source of classification or shelving scheme Volume number (bound volume or other part) Not for loan Collection code Home library Current library Shelving location Date acquired Full call number Barcode Price effective from Koha item type
Dewey Decimal Classification Supplement 1979   TEXT BOOKS LAW SOCIETY OF NAMIBIA LIBRARY - WINDHOEK LAW SOCIETY OF NAMIBIA LIBRARY - WINDHOEK The law of South Africa (laws) 12/01/2023 349 JOU LSN/1987/88 12/01/2023 Books